| 000 | 00786nam a22002297a 4500 | ||
|---|---|---|---|
| 003 | DO-SdBNP | ||
| 005 | 20220211120330.0 | ||
| 007 | ta | ||
| 008 | 220211b1935 ||||e |||| 00| 0 spa d | ||
| 040 |
_aDO-SdBNP _bspa _cBNPHU |
||
| 082 |
_222 _a923.27291 _bR741i |
||
| 100 |
_941278 _aRoig de Leuchsenring, Emilio, _d1889-1964 |
||
| 245 | 1 |
_aEl internacionalismo antimperialista en la obra político revolucionaria de José Martí / _cEmilio Roig De Leuchsenring |
|
| 260 |
_aLa Habana : _bMolina y Cía., _c1935. |
||
| 300 |
_a(14 p.) : _c24 cm |
||
| 650 | 4 |
_aIdeas políticas _xMartí, José _zCuba _981224 |
|
| 650 | 4 | 0 |
_aIdeología política _98964 |
| 650 | 4 | 0 |
_aPensamiento político _934952 _vJosé Martí |
| 650 | 4 | 0 |
_914779 _aHéroes _zCuba |
| 910 | _aSaquino | ||
| 942 |
_2ddc _cLBS1 |
||
| 999 |
_c51418 _d51418 |
||